| 000 | 01141nas a2200301 4500 | ||
|---|---|---|---|
| 001 | BR8101855 | ||
| 003 | BR-BrBNA | ||
| 005 | 20231205084611.0 | ||
| 007 | ta | ||
| 008 | 230509b bl.|||p| |||| 00| 00por d | ||
| 040 |
_aBR-BrBNA _bpor _cBiblioteca Nacional de Agricultura |
||
| 041 | _a(En) | ||
| 072 | _aP00 | ||
| 100 | 1 | _aMenegheti, J.O. | |
| 100 | 1 | _aSilva, F. | |
| 100 | 1 | _aVieira, M.I. | |
| 100 | 1 | _aBretschneider, D. da S. | |
| 100 | 1 | _aMarques, M.I.B. | |
| 245 | 1 | _aSpacial and temporal variations of density of Nothura maculosa (Temminck, 1815)from hunting data 1977, in the Rio Grande do Sul state, Brasil [Recurso natural; Perdiz; Caca] | |
| 246 | 1 | _a[Spacial and temporal variations of density of Nothura maculosa (Temminck, 1815)from hunting data 1977, in the Rio Grande do Sul state, Brazil [Natural resource; Partridge; Game]] | |
| 650 | _aRecurso natural | ||
| 650 | _aPerdiz | ||
| 650 | _aCaca | ||
| 650 | _aRio Grande do Sul | ||
| 773 | 0 |
_tIheringia. Serie Zoologia (Brazil) _xISSN 0073-4721 _g(Feb 1981), (no. 58) p. 23-30 _wBR8101855 |
|
| 909 |
_a202311 _bLúcia _c55 _dLúcia Elande |
||
| 942 |
_2AGRIS _n0 _cANA |
||
| 999 |
_c106179 _d106179 |
||